Melhorando o Portugus̊ no Exame da OAB

Detalles Bibliográficos
Autor principal: Fagundes Freitas, Christiano Abelardo
Formato: eBook
Lenguaje:portugués
Publicado: San Pablo: LTR, 2016
Materias:
Acceso en línea:Acceso restringido

MARC

LEADER 00000nam a22000007a 4500
005 2017021301461.0
007 cr|||| ||||
008 170213s2016 br |||||s|||| 00||0 por d
020 |a 978-85-361-8952-9 
035 |a 14722 
040 |a vLex 
090 |c 6534  |d 6534 
100 1 |a Fagundes Freitas, Christiano Abelardo 
245 1 0 |a Melhorando o Portugus̊ no Exame da OAB  |h [Recurso electrn̤ico] /  |c Christiano Abelardo Fagundes Freitas 
256 |a Servicio en ln̕ea 
260 |a San Pablo:  |b LTR,  |c 2016 
300 |a 1 recurso electrn̤ico 
500 |a Trata-se de obra que deve ser lida por todos os alunos do curso de Direito, mormente por aqueles que estejam se preparando para a prova da OAB, independentemente da r̀ea escolhida. "Melhorando o Portugus̊ para o Exame da OAB" deve fazer parte da biblioteca de todos os personagens do Direito, isto ,̌ dos alunos que estô cursando o 1ð pero̕do at ̌dos operadores mais experientes, pois ,̌ na essn̊cia, uma das fants̀ticas e encantadoras “aulas” do autor. Esta ediȯ̂ encontra-se atualizada, em consonńcia com o Novo CPC, registrando modelos de diversas petiė̳s (cv̕eis, de Direito de Faml̕ia e de Direito do Trabalho), alm̌ de dicas de crase, de concordńcia verbal, de regn̊cia verbal, entre outros acršcimos. 
506 1 |a Disponible solo en los productos indicados  |d vLex Global  |d vLex Global (Academic Edition, excluding Law Schools)  |d vLex Global (U.S. Academic Edition, Law Schools)  |d vLex Global (U.S. Academic Edition, excluding Law Schools)  |d vLex Global (Academic Edition, Law Schools) 
650 0 4 |a Derecho Civil  |z Brasil 
650 0 4 |a Derecho Laboral y Seguridad Social  |z Brasil 
650 0 4 |a Materias no jurd̕icas  |z Brasil 
740 0 |a vLex Libros (Servicio en ln̕ea) 
856 4 0 |u http://vlex.com/source/melhorando-o-portugu-s-no-exame-da-oab-14722  |z Acceso restringido 
942 |c BOOK 
999 0 |a Civil Law 
999 0 |a Labor Law and Social Security 
999 0 |a Non-legal matters